[Event "OPEN DE GROS"]
[Site "?"]
[Date "2017.06.29"]
[Round "8.11"]
[White "Tsatsalashvili, Keti"]
[Black "Gattegno, Laurent"]
[Result "1-0"]
[WhiteElo "2248"]
[BlackElo "1992"]
[LiveChessVersion "1.4.8"]

1. d4 Nf6 2. c4 c5 3. d5 e6 4. Nc3 exd5 5. cxd5 d6 6. Nf3 g6 7. Nd2 a6 8.
a4 Bg7 9. Nc4 O-O 10. Bf4 Ne8 11. h4 h5 12. g3 Qc7 13. Ne4 Nd7 14. Nexd6
Ne5 15. Nxe5 Bxe5 16. Bxe5 Nxd6 17. Bg2 Bg4 18. O-O f6 19. Bf4 Qb6 20. a5
Qd8 21. Qc2 1-0

[Event "OPEN DE GROS"]
[Site "?"]
[Date "2017.06.29"]
[Round "8.12"]
[White "Alcaide Luque, Aitor"]
[Black "Prieto Aranguren, Alain"]
[Result "1-0"]
[WhiteElo "2093"]
[BlackElo "2266"]
[LiveChessVersion "1.4.8"]

1. d4 Nf6 2. c4 g6 3. Nc3 Bg7 4. e4 d6 5. Nf3 O-O 6. Be2 e5 7. O-O Nc6 8.
d5 Ne7 9. Ne1 Nd7 10. Nd3 f5 11. Bd2 Nf6 12. f3 f4 13. Rc1 c5 14. dxc6 bxc6
15. b4 g5 16. c5 Be6 17. cxd6 Qxd6 18. Nc5 Bf7 19. Be1 Qc7 20. Na6 Qb7 21.
Nc5 Qc7 22. Na6 Qb7 23. Nc5 Qb8 24. Nd7 Nxd7 25. Qxd7 Ng6 26. Qxc6 Qxb4 27.
Nd5 Qb2 28. Rc2 Qb8 29. Nc7 Rc8 30. Ba6 Rxc7 31. Qxc7 Qb6+ 32. Qxb6 axb6
33. Rc8+ Rxc8 34. Bxc8 Bxa2 35. Bf2 b5 36. Ra1 Bc4 37. Rb1 Bd3 38. Be6+ Kh8
39. Rb3 Bc4 40. Bxc4 bxc4 41. Rb8+ Bf8 42. Bc5 Kg7 43. Bxf8+ Nxf8 44. Rc8
h5 45. Rxc4 Ng6 46. Rc7+ Kf6 47. Rc6+ Kg7 48. Kf2 Nh4 49. Re6 Ng6 50. Ke2
Kf7 51. Rxg6 Kxg6 52. Kd3 g4 53. Kc4 h4 54. h3 g3 55. Kd5 1-0

[Event "OPEN DE GROS"]
[Site "?"]
[Date "2017.06.30"]
[Round "9.1"]
[White "Anurag, Mhamal"]
[Black "Flear, Glenn C"]
[Result "1/2-1/2"]
[WhiteElo "2466"]
[BlackElo "2455"]
[LiveChessVersion "1.4.8"]

1. c4 e6 2. g3 d5 3. Bg2 Nf6 4. Nf3 dxc4 5. Qa4+ c6 6. Qxc4 b5 7. Qc2 Bb7
8. O-O Nbd7 9. a4 a6 10. d3 Rc8 11. Nc3 Be7 12. Rd1 O-O 13. e4 a5 14. h3 b4
15. Nb1 Ba6 16. Be3 c5 17. Nbd2 Ne8 18. Nc4 Nd6 19. Rac1 Nxc4 20. dxc4 Qc7
1/2-1/2

[Event "OPEN DE GROS"]
[Site "?"]
[Date "2017.06.30"]
[Round "9.2"]
[White "Andres Gonzalez, Alberto"]
[Black "Stany, G.A."]
[Result "0-1"]
[WhiteElo "2518"]
[BlackElo "2489"]
[LiveChessVersion "1.4.8"]

1. Nf3 Nf6 2. c4 g6 3. g3 Bg7 4. Bg2 d5 5. cxd5 Nxd5 6. O-O Nb6 7. Nc3 Nc6
8. d3 O-O 9. Be3 e5 10. Qd2 Re8 11. Bg5 f6 12. Bh6 Bh8 13. Rac1 Nd4 14.
Nxd4 exd4 15. Ne4 c6 16. Rfe1 Nd5 17. h4 Rb8 18. a3 f5 19. Bg5 Qd7 20. Nc5
Qd6 21. b4 b6 22. Nb3 Be6 23. Rc4 Rbc8 24. Rxd4 c5 25. bxc5 bxc5 26. Bf4
Qd7 27. Rxd5 Bxd5 28. Bxd5+ Qxd5 29. Na5 Re6 30. Nc4 Rce8 31. Qc2 Bd4 32.
e3 Bf6 33. Rb1 Kg7 34. Qb3 Rd8 35. Qb7+ Qxb7 36. Rxb7+ Re7 37. Rb5 Rxd3 38.
Rxc5 Rc3 39. Rc6 Re4 40. Rc7+ Be7 41. f3 Rexc4 0-1

[Event "OPEN DE GROS"]
[Site "?"]
[Date "2017.06.30"]
[Round "9.3"]
[White "Lazarev, Vladimir"]
[Black "Martinez Duany, Lelys Stanley"]
[Result "1/2-1/2"]
[WhiteElo "2416"]
[BlackElo "2494"]
[LiveChessVersion "1.4.8"]

1. d4 g6 2. c4 Bg7 3. e4 d6 4. Nc3 Nc6 5. d5 Nd4 6. Be3 c5 7. Nge2 Qb6 8.
Na4 Qa5+ 9. Bd2 Qa6 10. Nxd4 Bxd4 11. Nc3 Bd7 12. Bd3 Nf6 13. h3 O-O 14.
O-O Nh5 15. Bh6 Rfe8 16. g4 Ng7 17. Kh1 Qa5 18. Qc2 e5 19. Ne2 Qd8 20. Kg2
Qh4 21. Qd2 f6 1/2-1/2

[Event "OPEN DE GROS"]
[Site "?"]
[Date "2017.06.30"]
[Round "9.4"]
[White "Velten, Paul"]
[Black "Alfaro Garcia Del Cerro, Juan"]
[Result "1/2-1/2"]
[WhiteElo "2449"]
[BlackElo "2015"]
[LiveChessVersion "1.4.8"]

1. e3 Nf6 2. Nf3 g6 3. b4 Bg7 4. Bb2 O-O 5. Be2 d6 6. O-O a5 7. a3 axb4 8.
axb4 Rxa1 9. Bxa1 c6 10. c4 Qb6 11. b5 Nbd7 12. d4 c5 13. Nc3 Qc7 14. d5 e6
15. Nd2 exd5 16. cxd5 Nb6 17. e4 Re8 18. Qc2 Bg4 19. Bxg4 Nxg4 20. h3 Nh6
21. Na4 Bxa1 22. Rxa1 Ra8 23. Ra2 f5 24. Nxb6 Rxa2 25. Qxa2 Qxb6 26. Nc4
Qxb5 27. Nxd6 Qb4 28. Qa8+ Kg7 29. Qxb7+ Qxb7 30. Nxb7 c4 31. e5 c3 32. Nc5
g5 33. Kf1 c2 34. Nd3 Nf7 35. e6 Ne5 36. Nc1 Kf6 37. Ke2 Ke7 38. Kd2 Kd6
39. Ne2 Kxd5 40. e7 Nc4+ 41. Kxc2 Nd6 42. Kd3 Ke6 43. Kd4 f4 44. g4 fxg3
45. Nxg3 Kxe7 46. Ke5 h6 47. Nh1 Ne8 48. Ng3 Kf7 49. Kf5 Ng7+ 50. Kg4 Kg6
51. Kf3 h5 52. Ke4 Ne6 53. Ne2 Nc5+ 54. Kd4 Ne6+ 55. Ke5 Nc5 56. Kd4 Ne6+
57. Ke3 Kf5 58. Ng3+ Kg6 59. Ne2 Kf5 60. Ng3+ Kg6 61. Ne2 1/2-1/2

[Event "OPEN DE GROS"]
[Site "?"]
[Date "2017.06.30"]
[Round "9.5"]
[White "Philippe, Guillaume"]
[Black "Romero Holmes, Alfonso"]
[Result "0-1"]
[WhiteElo "2342"]
[BlackElo "2438"]
[LiveChessVersion "1.4.8"]

1. Nf3 c5 2. e3 Nf6 3. c4 d6 4. d4 Na6 5. a3 g6 6. b4 Bg7 7. Bb2 O-O 8. Qb3
Qb6 9. b5 cxd4 10. exd4 Ne4 11. Qc2 Qa5+ 12. Nc3 Nac5 13. Rc1 Bf5 14. dxc5
Ng3 15. Bd3 Bxd3 16. Qxd3 Nxh1 17. cxd6 Rad8 18. Kf1 Rxd6 19. Qc2 Rfd8 20.
Kg1 Nxf2 21. Kxf2 Qb6+ 22. Kf1 Rd3 23. Nd5 R8xd5 24. Bxg7 Rd8 25. Bb2 f6
26. Re1 e5 27. a4 Qc5 28. Bc1 Qb4 29. Be3 e4 30. Nd2 f5 31. Ke2 Rc3 32. Qa2
Ra3 33. Qc2 Rc3 34. Qa2 Rxe3+ 35. Kxe3 Qc3+ 36. Ke2 Qd3+ 37. Kd1 e3 38. c5+
Kf8 39. Qb2 Rd4 40. Re2 exd2 41. Rxd2 Qf1+ 42. Kc2 Rxd2+ 43. Kxd2 Qxg2+ 44.
Kc3 Qxb2+ 45. Kxb2 Ke7 46. a5 Kd7 47. c6+ bxc6 48. b6 axb6 49. a6 Kc7 0-1

[Event "OPEN DE GROS"]
[Site "?"]
[Date "2017.06.30"]
[Round "9.6"]
[White "Alonso Garcia, Rene Marcial"]
[Black "Alcaide Luque, Aitor"]
[Result "1/2-1/2"]
[WhiteElo "2358"]
[BlackElo "2093"]
[LiveChessVersion "1.4.8"]

1. d4 f5 2. g3 Nf6 3. Bg2 e6 4. Nf3 Be7 5. O-O O-O 6. c4 Ne4 7. Nbd2 Bf6 8.
d5 exd5 9. cxd5 Nxd2 10. Qxd2 d6 11. Nd4 Bxd4 12. Qxd4 Nd7 13. Be3 a5 14.
Qc3 b6 15. Bd4 Rf7 16. e4 fxe4 17. Bxe4 Nc5 18. Bg2 Bf5 19. Rfe1 Qd7 20.
Re6 Raf8 21. Bxc5 bxc5 22. Rae1 Qa4 23. Re7 Qb4 24. a3 Qxc3 25. bxc3 Rb8
26. Re8+ Rf8 27. R8e7 Rf7 28. Re8+ Rf8 29. R8e7 Rf7 1/2-1/2

[Event "OPEN DE GROS"]
[Site "?"]
[Date "2017.06.30"]
[Round "9.7"]
[White "Tsatsalashvili, Keti"]
[Black "Sos Andreu, Eric"]
[Result "1-0"]
[WhiteElo "2248"]
[BlackElo "2353"]
[LiveChessVersion "1.4.8"]

1. d4 Nf6 2. c4 g6 3. Nc3 d5 4. cxd5 Nxd5 5. e4 Nxc3 6. bxc3 Bg7 7. Nf3 c5
8. Rb1 O-O 9. Be2 Nc6 10. d5 Ne5 11. Nxe5 Bxe5 12. Qd2 e6 13. f4 Bc7 14.
O-O exd5 15. exd5 Ba5 16. d6 b6 17. Bb2 Be6 18. f5 Bxf5 19. Rxf5 gxf5 20.
Qf4 Re8 21. Qg3+ Kf8 22. Bf3 Re6 23. Rd1 Rb8 24. c4 Rg6 25. Qe5 f6 26. Qxf5
b5 27. d7 bxc4 28. Be5 Rg5 29. Bd6+ Kg7 30. Qe6 Rb6 31. h4 Re5 32. Qg4+ Kf7
33. Bxe5 fxe5 34. Bd5+ Ke7 35. Qg7+ 1-0

[Event "OPEN DE GROS"]
[Site "?"]
[Date "2017.06.30"]
[Round "9.8"]
[White "Pena Duarte, Fabian Dario"]
[Black "Oratovsky, Michael"]
[Result "0-1"]
[WhiteElo "2226"]
[BlackElo "2501"]
[LiveChessVersion "1.4.8"]

1. e4 c5 2. Nf3 e6 3. d4 cxd4 4. Nxd4 a6 5. Nc3 b5 6. g3 Bb7 7. Bg2 Nf6 8.
Qd3 d6 9. O-O Nbd7 10. a3 Be7 11. Qe2 Qc7 12. Re1 O-O 13. f4 Rac8 14. Be3
Rfe8 15. Rad1 Bf8 16. Nb3 Ba8 17. g4 Qc4 18. Qf3 d5 19. Qg3 dxe4 20. Nd2
Qc7 21. Ndxe4 Nxe4 22. Nxe4 Qxc2 23. Nd6 Bxd6 24. Bxa8 Rxa8 25. Rxd6 Nf6
26. Rd2 Qb3 27. Rde2 Rac8 28. g5 Ne4 29. Qg2 Nd6 30. Bd4 Nf5 31. Bc3 Red8
32. Rd2 Qc4 33. Red1 Qc5+ 34. Qf2 Rxd2 35. Rxd2 Qc6 36. Rd3 h5 37. Qf3 Qxf3
38. Rxf3 Kf8 39. Kf2 Rc4 40. Ke1 Ke8 41. Kd2 Kd7 42. Kd3 g6 43. b3 Rc6 44.
Ke4 Ne7 45. Kd3 Rd6+ 46. Kc2 Nf5 47. Rd3 Kc6 48. Be5 0-1

[Event "OPEN DE GROS"]
[Site "?"]
[Date "2017.06.30"]
[Round "9.9"]
[White "Favarel, Antoine"]
[Black "Safranska, Anda"]
[Result "1/2-1/2"]
[WhiteElo "2386"]
[BlackElo "2225"]
[LiveChessVersion "1.4.8"]

1. d4 d6 2. Nf3 g6 3. g3 Bg7 4. Bg2 Nf6 5. c4 O-O 6. Nc3 Nc6 7. O-O Bf5 8.
Ne1 Bd7 9. e4 e5 10. d5 Nd4 11. Nc2 Nxc2 12. Qxc2 Ne8 13. Bd2 f5 14. f4
exf4 15. Bxf4 fxe4 16. Nxe4 Bf5 17. Qd2 Bxe4 18. Bxe4 Nf6 19. Bg2 Qd7 20.
Rae1 Rae8 21. b3 Nh5 22. Bg5 Rxf1+ 23. Rxf1 Qg4 24. Bf3 Qd4+ 25. Kg2 Qxd2+
26. Bxd2 Nf6 27. Re1 Rxe1 28. Bxe1 h5 29. Bd2 Kf7 30. Bg5 Ke8 31. Kf1 Nh7
32. Be3 a5 33. Ke2 Be5 34. Kd3 b6 35. Ke2 Kf7 36. Kf2 Kf6 37. h4 Kf7 38.
Kg2 Nf6 39. Bg5 Ke8 40. Kh3 Bd4 41. g4 hxg4+ 42. Bxg4 Nxg4 43. Kxg4 Bc3 44.
h5 gxh5+ 45. Kxh5 Be5 46. Kg6 Bc3 47. Kf5 Kd7 48. Bf6 Bd2 49. Bg5 1/2-1/2

[Event "OPEN DE GROS"]
[Site "?"]
[Date "2017.06.30"]
[Round "9.10"]
[White "Munoz Avila, Jose Luis"]
[Black "Andres Gonzalez, Ivan"]
[Result "1/2-1/2"]
[WhiteElo "2176"]
[BlackElo "2375"]
[LiveChessVersion "1.4.8"]

1. Nf3 Nf6 2. c4 g6 3. Nc3 Bg7 4. e4 d6 5. d4 O-O 6. Be3 Bg4 7. Be2 Nfd7 8.
Ng1 Bxe2 9. Ngxe2 c5 10. O-O cxd4 11. Nxd4 Nc6 12. h3 Rc8 13. b3 a6 14. Qd2
Re8 15. Rfc1 Qa5 16. a3 Nxd4 17. Bxd4 Bxd4 18. Qxd4 Qg5 19. Ne2 Qe5 20. Rc3
Qxd4 1/2-1/2

[Event "OPEN DE GROS"]
[Site "?"]
[Date "2017.06.30"]
[Round "9.11"]
[White "Etchegaray, Patrice"]
[Black "Ni, Viktorija"]
[Result "1-0"]
[WhiteElo "2359"]
[BlackElo "2175"]
[LiveChessVersion "1.4.8"]

1. e4 c5 2. d4 cxd4 3. c3 Nf6 4. e5 Nd5 5. Nf3 e6 6. cxd4 d6 7. Bc4 Nb6 8.
Bb3 dxe5 9. Nxe5 Nc6 10. Nf3 Be7 11. O-O Bf6 12. Be3 Na5 13. Bc2 Nac4 14.
Bc1 Bd7 15. Nc3 Bc6 16. Ne4 Bxe4 17. Bxe4 Nd6 18. Bd3 O-O 19. Bf4 Nd5 20.
Be5 Rc8 21. Qb3 Rb8 22. Rac1 Qd7 23. Qc2 h6 24. Qd2 Rfd8 25. Bb1 Bxe5 26.
dxe5 Nf5 27. Bxf5 exf5 28. Rc4 Nc7 29. Rd4 Qe7 30. Rd1 Ne6 31. Rd6 Rdc8 32.
h4 Rc4 33. Qd3 Re4 34. g3 Rc8 35. Rd7 Qb4 36. Rxf7 Nd4 37. Rd7 Nxf3+ 38.
Qxf3 Rxe5 39. Rxb7 Re1+ 40. Kg2 1-0

[Event "OPEN DE GROS"]
[Site "?"]
[Date "2017.06.30"]
[Round "9.12"]
[White "Gavasheli, Ana"]
[Black "Diaz Velandia, Jose Manuel"]
[Result "0-1"]
[WhiteElo "2227"]
[BlackElo "2345"]
[LiveChessVersion "1.4.8"]

1. c4 c5 2. Nf3 Nc6 3. Nc3 g6 4. g3 Bg7 5. Bg2 e5 6. d3 d6 7. Nd5 Be6 8.
Ng5 Nge7 9. Nxe6 fxe6 10. Nc3 Qd7 11. O-O O-O 12. Ne4 b6 13. Ng5 h6 14. Nf3
d5 15. Bd2 Rad8 16. Bc3 Kh7 17. Bh3 Qd6 18. Nd2 Nf5 19. Bg2 Nfe7 20. b3 Qc7
21. Rc1 Qd6 22. a3 Rf7 23. Rb1 a5 24. Rc1 Rdf8 25. h4 Ng8 26. cxd5 exd5 27.
e4 d4 28. Nc4 Qb8 29. Bd2 Nf6 30. Bh3 Ne8 31. h5 g5 32. Bf5+ Kh8 33. f4
exf4 34. gxf4 Ne7 35. Bg6 Nxg6 36. hxg6 Rf6 37. Ne5 gxf4 38. Nd7 Rxg6+ 39.
Kf2 Qd8 40. Qh5 Rg5 41. Qh3 Rf7 42. e5 Rg3 43. Qh5 Qxd7 44. e6 Qxe6 45.
Rce1 Re3 46. Bxe3 dxe3+ 47. Ke2 Nd6 0-1